|
|
|
|
| LEADER |
00000nam a22000007i 4500 |
| 001 |
IT\ICCU\CFI\0184772 |
| 003 |
ItRI |
| 005 |
20260131122630.0 |
| 008 |
920510s1991 it |||||| ||||| |||||c |
| 020 |
|
|
|a 8807081008
|
| 040 |
|
|
|b ita
|c C
|
| 041 |
|
7 |
|a ita
|2 ISO-639-2
|
| 082 |
|
|
|a 306.77
|2 12
|
| 100 |
1 |
|
|a Canosa, Romano
|0 IT\ICCU\CFIV\013155
|4 aut
|
| 245 |
1 |
0 |
|a Storia di una grande paura :
|b la sodomia a Firenze e a Venezia nel Quattrocento /
|c Romano Canosa.
|
| 260 |
|
|
|a Milano :
|b Feltrinelli,
|c 1991
|
| 300 |
|
|
|a 199 p. ;
|c 22 cm.
|
| 650 |
|
7 |
|a Sodomia
|x Firenze
|x Sec. 15.
|2 scbi
|
| 650 |
|
7 |
|a Sodomia
|x Venezia
|x Sec. 15.
|2 scbi
|
| 830 |
|
0 |
|a Saggi
|0 IT\ICCU\CFI\0004126
|
| 942 |
|
|
|2 ddc
|c BK
|
| 952 |
|
|
|0 0
|1 0
|2 ddc
|4 0
|6 007_306_766090000000000_CAN_STO
|7 1
|9 822
|a MO
|b MO
|d 2024-03-04
|l 0
|o [007] 306.76609 CAN STO
|p 9056
|r 2024-03-04 16:39:42
|w 2024-03-04
|y BK
|
| 952 |
|
|
|0 0
|1 0
|2 ddc
|4 0
|6 306_766000000000000_CAN_STO
|7 1
|9 3216
|a RN
|b RN
|d 2025-02-17
|e DONO RIMONDINI
|l 0
|o 306.766 CAN STO
|p 10475
|r 2025-02-17 23:26:30
|w 2025-02-17
|y BK
|
| 952 |
|
|
|0 0
|1 0
|4 0
|6 DOC_306_770000000000000_CAN
|7 0
|9 14962
|a BO
|b BO
|d 2026-01-15
|i 19937
|l 0
|o DOC 306.77 CAN
|p BO19937
|r 2026-01-15 23:18:56
|w 2026-01-15
|x [Sebina 5] [1 v.]
|y BK
|z 1 v. (3.copia)
|
| 952 |
|
|
|0 0
|1 0
|4 0
|6 DOC_306_773000000000000_CAN
|7 0
|9 14963
|a BO
|b BO
|d 2026-01-15
|i 3375
|l 0
|o DOC 306.773 CAN
|p BO3375
|r 2026-01-15 23:18:56
|w 2026-01-15
|x [Sebina 5] [1 v.]
|y BK
|z 1 v.
|
| 952 |
|
|
|0 0
|1 0
|4 0
|6 DOC_306_773000000000000_CAN
|7 0
|9 14964
|a BO
|b BO
|d 2026-01-15
|i 2624
|l 0
|o DOC 306.773 CAN
|p BO2624
|r 2026-01-15 23:18:56
|w 2026-01-15
|x [Sebina 5] [1 v.]
|y BK
|z 1 v.
|
| 999 |
|
|
|c 779
|d 779
|